00832nam a2200277 u 450000100070000000500170000700800410002402000150006503500110008003500210009104000130011204100080012508200080013310000290014124500630017025000100023326000440024330000180028750000340030565000350033965000470037465000280042165000220044965000450047165000380051613404420260506072720.0970728s1995 eng  a0023252863 a134044 a(OCoLC)318451590 ccomduadb aeng 4a62110aCouch, Leon W.4auteaut10aModern communication systems : principles and applications a1.Ed. aEstados Unidos :bPrentice Hall,c1995. a598 páginas aCompra: L. Katedra, abril/97. aSistemas de telecomunicación aPropagación de ondas electromagnéticas 7aSeries de Fourier2lemb aSistemas lineales aProcesamiento digital de señales (PDS) 7aTransformaciones de Fourier2lemb